|
|
|
|
| LEADER |
00000nam a2200000Ii 4500 |
| 001 |
DIGUCANT0142 |
| 003 |
NyNyDIG |
| 007 |
cr ||||||||||| |
| 008 |
221107s2021 sp ob 001 0 spa d |
| 006 |
m o d |
| 035 |
|
|
|a (OCoLC)1352725281
|
| 040 |
|
|
|a DGITA
|b eng
|e rda
|e pn
|c DGITA
|
| 020 |
|
|
|a 9788417888602
|q pdf
|
| 020 |
|
|
|z 9788417888596
|q rústica
|
| 050 |
1 |
4 |
|a HC462 ebook
|
| 100 |
1 |
|
|a Quijano Fernández, José María,
|d 1843-1911,
|e author.
|
| 245 |
1 |
0 |
|a Correspondencia /
|c José María Quijano Fernández ; estudio preliminar, Sara del Hoyo Maza.
|
| 264 |
|
1 |
|a Santander :
|b Ediciones Universidad Cantabria,
|c 2021.
|
| 300 |
|
|
|a 1 online resource.
|
| 336 |
|
|
|a text
|b txt
|2 rdacontent
|
| 337 |
|
|
|a computer
|b c
|2 rdamedia
|
| 338 |
|
|
|a online resource
|b cr
|2 rdacarrier
|
| 347 |
|
|
|a text file
|2 rdaft
|
| 347 |
|
|
|b EPUB
|
| 490 |
1 |
|
|a Cantabria 4 estaciones ;
|v 63
|
| 504 |
|
|
|a Includes bibliographical references and index.
|
| 588 |
0 |
|
|a Online resource; title from ePub title page (Digitalia, viewed November 8, 2022)
|
| 650 |
|
0 |
|a Economic policy.
|
| 650 |
|
0 |
|a Free trade.
|
| 651 |
|
0 |
|a Spain
|x Economic policy
|y 19th century.
|
| 655 |
|
0 |
|a Electronic books.
|
| 700 |
1 |
|
|a Hoy Maza, Sara del,
|d 1988-
|e contributor agent of text..
|
| 791 |
2 |
|
|a Digitalia (Firm),
|e distributor.
|
| 793 |
0 |
|
|g Digitalia eBook Collection:
|a Universidad de Cantabria
|
| 776 |
0 |
8 |
|i Print version:
|a Quijano Fernández, José María, 1843-1911.
|t Correspondencia.
|d Santander : Ediciones Universidad Cantabria, 2021
|z 9788417888596
|
| 830 |
|
0 |
|a Cantabria 4 estaciones ;
|v 63.
|
| 856 |
4 |
0 |
|3 Digitalia Hispánica
|u https://www.digitaliapublishing.com/a/112024/
|
| 910 |
|
|
|a Premium collection: 2022
|